000 00734nam a2200181Ia 4500
008 100921s9999 xx 000 0 und d
082 _b5242
_a301.42-3 0
100 _aआपटे नारायण हरी.
245 _aसंसारात पडण्यापूर्वी.
260 _bमहाराष्ट्र ग्रंथ भांडार,कोल्हापूर.
_c0
300 _a109
_b---
365 _b0
520 _aस.शा.कुटुंब-विवाह.
630 _aसंसारात पडण्यापूर्वी.
650 _aस.शा.कुटुंब-विवाह.
730 _aसंसारात पडण्यापूर्वी.
942 _cBOOK
999 _c754355
_d754352